| 000 | 00480nam a22001697a 4500 | ||
|---|---|---|---|
| 003 | OSt | ||
| 005 | 20240105164254.0 | ||
| 008 | 160506b xxu||||| |||| 00| 0 eng d | ||
| 020 | _a9789695623961 | ||
| 040 | _c0 | ||
| 082 |
_a954.9105 _b MAL |
||
| 100 |
_aDr. Nadeem Shafiq Malik _91666 |
||
| 245 |
_aThe Tehrik-I-Istiqlal _bAir Marshal (Retd) Muhammad Asgher Khan _cDr. Nadeem Shafiq Malik |
||
| 260 |
_aLahore _bFiction House _c2015 |
||
| 300 |
_a188 p. _bHB |
||
| 942 |
_2ddc _cBK |
||
| 999 |
_c351384 _d351384 |
||